000 00342nam a22001457a 4500
008 221205b ||||| |||| 00| 0 eng d
020 _a9780133075359
041 _aeng
080 _212TH EDITION
_a330.322
082 _a330.322 SMA
100 _a51
101 _aINVEST
245 _aFUNDAMENTALS OF INVESTING
_cSMART S
942 _2udc
_cBK
999 _c59100
_d59100